The race for consciousness
Salvato in:
| Autore principale: | |
|---|---|
| Natura: | Libro |
| Lingua: | inglese |
| Pubblicazione: |
Londres
The Mit Press
1999
|
| Serie: | Collection A Bradford Book
|
| Soggetti: | |
| Tags: |
Aggiungi Tag
Nessun Tag, puoi essere il primo ad aggiungerne!!
|
MARC
| LEADER | 00000nam a2200000 a 4500 | ||
|---|---|---|---|
| 001 | UCP6220 | ||
| 003 | CL-VaPUC | ||
| 008 | 991015e19990000UK |||||||||||||||||eng|d | ||
| 082 | 0 | 4 | |a 153 |b TAY |2 21 |
| 100 | 0 | |a Taylor, John G |e author |9 435170 | |
| 245 | 1 | 4 | |a The race for consciousness |
| 300 | |a 380 p | ||
| 942 | |c BK | ||
| 945 | |d 19991015 00:00:00 |a vberengu | ||
| 260 | |a Londres |b The Mit Press |c 1999 | ||
| 650 | 0 | |a Conciencia |9 309452 | |
| 650 | 7 | |a PSICOLOGIA DE LOS PROCESOS SENSORIALES |2 CL-VaPUC |9 435171 | |
| 650 | 0 | |a Inteligencia |9 267038 | |
| 583 | |a last modification |c 19991015 00:00:00 |k Rodrigo Vera | ||
| 490 | 0 | |a Collection A Bradford Book | |
| 999 | |c 283823 |d 283821 | ||
| 952 | |0 0 |1 0 |4 0 |6 153_000000000000000_TAY_1999 |7 0 |8 A |9 327300 |a FDOPOS |b FDOPOS |d 2019-11-20 |i 3571041 |o 153 TAY 1999 |p 3571041 |r 2025-01-22 |w 2019-11-20 |y BK |k MLA | ||
| 952 | |0 0 |1 0 |4 0 |6 153_000000000000000_TAY_1999 |7 0 |8 A |9 327301 |a FDOPOS |b FDOPOS |d 2019-11-20 |i 384255K |o 153 TAY 1999 |p 384255K |r 2025-01-22 |w 2019-11-20 |y BK |k MLA | ||